[Event "Bay Area International"]
[Site "?"]
[Date "2019.01.02"]
[Round "2"]
[White "Bai, Jinshi"]
[Black "Shetty, Atulya"]
[Result "1-0"]
[WhiteElo "2572"]
[BlackElo "2401"]
[PlyCount "83"]
[EventDate "2019.??.??"]
[SourceVersionDate "2019.01.02"]

1. d4 d5 2. c4 c6 3. Nf3 Nf6 4. Nc3 a6 5. c5 Bf5 6. Qb3 Ra7 7. Nh4 Bg6 8. Bg5
Nbd7 9. Nxg6 hxg6 10. e4 e5 11. dxe5 Nxc5 12. Qc2 d4 13. exf6 gxf6 14. Bd2 dxc3
15. Bxc3 Bd6 16. O-O-O Qe7 17. h4 Ra8 18. g3 Be5 19. Ba5 Ne6 20. f4 Bc7 21. Bc3
Rd8 22. Bh3 Rxd1+ 23. Rxd1 c5 24. Qa4+ b5 25. Qxa6 O-O 26. Qxb5 Nd4 27. Bxd4
cxd4 28. Rxd4 Rb8 29. Qc4 f5 30. e5 Bb6 31. Rd6 Qb7 32. Qe2 Qa7 33. b3 Bd4 34.
Qc2 Qa3+ 35. Kd1 Bc5 36. Rd7 Be7 37. Bf1 Kf8 38. Bc4 Qc5 39. Qg2 Qe3 40. Qd5
Qg1+ 41. Ke2 Qh2+ 42. Kf1 1-0

[Event "Bay Area International"]
[Site "?"]
[Date "2019.01.02"]
[Round "2"]
[White "Bick, Gabriel"]
[Black "Chandra, Akshat"]
[Result "1/2-1/2"]
[WhiteElo "2381"]
[BlackElo "2492"]
[PlyCount "84"]
[EventDate "2019.??.??"]
[SourceVersionDate "2019.01.02"]

1. e4 c5 2. Nf3 d6 3. Bb5+ Bd7 4. Bxd7+ Nxd7 5. O-O Ngf6 6. Qe2 e6 7. b3 Be7 8.
Bb2 O-O 9. c4 a6 10. d4 cxd4 11. Nxd4 Re8 12. Nc3 Rc8 13. Rad1 Qa5 14. f4 Bf8
15. Kh1 e5 16. Nf5 Re6 17. fxe5 dxe5 18. g4 h6 19. h4 Rd8 20. g5 hxg5 21. hxg5
Nh7 22. Rd5 Qc7 23. Qd2 g6 24. Rd1 gxf5 25. exf5 Ree8 26. Rxd7 Rxd7 27. Qxd7
Qxd7 28. Rxd7 Nxg5 29. Nd5 Kg7 30. Rxb7 Bc5 31. Kg2 Bd4 32. Nc7 Rd8 33. Bc1 Kf6
34. Nd5+ Kxf5 35. Bxg5 Kxg5 36. Rxf7 Rg8 37. Ne7 Rd8 38. Nd5 Rg8 39. b4 Rc8 40.
c5 a5 41. a3 axb4 42. axb4 Bxc5 1/2-1/2

[Event "Bay Area International"]
[Site "?"]
[Date "2019.01.02"]
[Round "2"]
[White "Bruzon, Lazaro"]
[Black "Ostrovskiy, Aleksandr"]
[Result "1-0"]
[WhiteElo "2664"]
[BlackElo "2439"]
[PlyCount "67"]
[EventDate "2019.??.??"]
[SourceVersionDate "2019.01.02"]

1. c4 e6 2. Nc3 d5 3. d4 Bb4 4. e3 Nf6 5. Nf3 O-O 6. Bd3 c5 7. O-O cxd4 8. exd4
dxc4 9. Bxc4 b6 10. Re1 Bb7 11. Bd3 Nc6 12. a3 Be7 13. Bc2 Re8 14. h4 Rc8 15.
Qd3 g6 16. Bg5 Nd5 17. Nxd5 Qxd5 18. Bb3 Qd6 19. h5 Nxd4 20. Nxd4 Bxg5 21. hxg6
hxg6 22. Rxe6 fxe6 23. Qxg6+ Kh8 24. Qh5+ Kg7 25. Qxg5+ Kh7 26. Qh5+ Kg7 27.
Rd1 Bd5 28. Qg5+ Kf7 29. Nf5 exf5 30. Bxd5+ Kf8 31. Qxf5+ Kg7 32. Bb3 Rf8 33.
Qg5+ Qg6 34. Rd7+ 1-0

[Event "Bay Area International"]
[Site "?"]
[Date "2019.01.02"]
[Round "2"]
[White "Canessa, John"]
[Black "Costello, Alex"]
[Result "0-1"]
[WhiteElo "1958"]
[BlackElo "2231"]
[PlyCount "132"]
[EventDate "2019.??.??"]
[SourceVersionDate "2019.01.02"]

1. e4 e5 2. Nf3 Nc6 3. Bb5 a6 4. Ba4 Nf6 5. O-O Be7 6. Re1 b5 7. Bb3 d6 8. c3
O-O 9. h3 Nb8 10. d4 Nbd7 11. Nbd2 Bb7 12. Bc2 Re8 13. Nf1 Bf8 14. Ng3 g6 15.
a4 c5 16. d5 c4 17. Bg5 h6 18. Be3 Nc5 19. Qd2 Kh7 20. Ra3 Qc7 21. Rea1 Nfd7
22. Qe2 Nb6 23. axb5 axb5 24. Nh2 Bg7 25. Ng4 Rxa3 26. Rxa3 Bc8 27. h4 h5 28.
Nh2 Kg8 29. Qd2 Bd7 30. Bd1 Ra8 31. Rxa8+ Nxa8 32. Bh6 Qd8 33. Bg5 Bf6 34. f4
exf4 35. Qxf4 Bxg5 36. hxg5 Qb6 37. Qe3 Nd3 38. Qxb6 Nxb6 39. b3 cxb3 40. Bxb3
Nc1 41. Bc2 Na4 42. Kf2 Nxc3 43. Nf3 b4 44. Nd4 Ba4 45. Bxa4 Nxa4 46. Ke3 Nc5
47. Nge2 Nxe2 48. Nxe2 b3 49. Nc3 b2 50. Kd4 Kf8 51. Nb1 Ke7 52. Na3 Na4 53.
Kc4 f6 54. gxf6+ Kxf6 55. Kd4 g5 56. Nb1 h4 57. Ke3 g4 58. Kf4 h3 59. gxh3 gxh3
60. e5+ dxe5+ 61. Kg3 e4 62. Kxh3 Ke5 63. d6 Kxd6 64. Kg2 Ke5 65. Kf2 Kd4 66.
Ke1 Nc3 0-1

[Event "Bay Area International"]
[Site "?"]
[Date "2019.01.02"]
[Round "2"]
[White "Coleman, Teddy"]
[Black "Polgar-Shutzman, Tom"]
[Result "1/2-1/2"]
[WhiteElo "2352"]
[BlackElo "2181"]
[PlyCount "125"]
[EventDate "2019.??.??"]
[SourceVersionDate "2019.01.02"]

1. d4 Nf6 2. c4 e6 3. Nc3 Bb4 4. e3 O-O 5. Bd3 c5 6. Nge2 d5 7. cxd5 cxd4 8.
exd4 Nxd5 9. O-O Nc6 10. a3 Bd6 11. Qc2 h6 12. Bh7+ Kh8 13. Be4 Nce7 14. Re1
Bd7 15. Bxd5 Nxd5 16. Nxd5 exd5 17. Bf4 Rc8 18. Qb3 Bc6 19. Bxd6 Qxd6 20. Qf3
Rce8 21. Nc3 Re6 22. Rxe6 Qxe6 23. h3 Kg8 24. Rd1 a6 25. Qf4 Re8 26. Rd3 Qd7
27. Re3 Rxe3 28. fxe3 Qe6 29. Kf2 g5 30. Qf3 Kg7 31. Ke2 Bb5+ 32. Nxb5 axb5 33.
Kd2 Qc6 34. Qf5 b4 35. Qe5+ Kg6 36. axb4 Qc4 37. Qd6+ Kg7 38. Qc5 Qb3 39. Qc3
Qa4 40. Ke2 Qa6+ 41. Kf2 Qf6+ 42. Ke1 Qf5 43. b5 h5 44. Ke2 Qb1 45. Kf2 Qf5+
46. Kg1 Qb1+ 47. Kh2 Qe4 48. Qd2 Kg6 49. Qf2 Qd3 50. b6 Qb3 51. g4 hxg4 52.
hxg4 Kg7 53. Kh3 f6 54. Qf3 Kf7 55. Kg3 Kg7 56. Qe2 Qxb6 57. Qc2 Qa5 58. Kf2
Qb5 59. Kg2 Qd7 60. Kf3 Qb5 61. Kf2 Qd7 62. Kf3 Qb5 63. Kf2 1/2-1/2

[Event "Bay Area International"]
[Site "?"]
[Date "2019.01.02"]
[Round "2"]
[White "Cordova, Emilio"]
[Black "Jacobson, Brandon"]
[Result "1-0"]
[WhiteElo "2597"]
[BlackElo "2404"]
[PlyCount "115"]
[EventDate "2019.??.??"]
[SourceVersionDate "2019.01.02"]

1. Nf3 Nf6 2. c4 b6 3. g3 Bb7 4. Bg2 g6 5. O-O Bg7 6. d4 O-O 7. d5 Ne4 8. Qc2
f5 9. Ng5 Nd6 10. Nc3 Na6 11. e4 Rc8 12. Qe2 h6 13. Nh3 e5 14. dxe6 dxe6 15. e5
Bxg2 16. Kxg2 Nf7 17. Nf4 Nxe5 18. Nxe6 Qd3 19. Qxd3 Nxd3 20. Nxf8 Kxf8 21. Rd1
Nac5 22. Rb1 Kf7 23. Be3 Bxc3 24. bxc3 Re8 25. Rd2 Re4 26. Rbd1 f4 27. gxf4
Nxf4+ 28. Kf3 Nfe6 29. Bxc5 Nxc5 30. Rd7+ Ke6 31. Rxc7 Rxc4 32. Re1+ Kf6 33.
Rxa7 Rxc3+ 34. Re3 Rc2 35. a3 Rd2 36. Kg2 h5 37. Rf3+ Kg5 38. Re7 Rd5 39. Rf8
Rd3 40. Re3 Rd6 41. Rf7 Nd3 42. Re4 Kh6 43. f4 g5 44. fxg5+ Kxg5 45. Rf8 Nc5
46. Re5+ Kg6 47. Rg8+ Kf7 48. Rg3 Rd2+ 49. Kh3 h4 50. Rf3+ Kg6 51. Re1 Nd7 52.
Rg1+ Kh5 53. Rf5+ Kh6 54. Rg4 Ra2 55. Rxh4+ Kg6 56. Rf3 Ne5 57. Re3 Nd7 58. Rf4
1-0

[Event "Bay Area International"]
[Site "?"]
[Date "2019.01.02"]
[Round "2"]
[White "Daggupati, Balaji"]
[Black "Ruiz, Joshua"]
[Result "1-0"]
[WhiteElo "2257"]
[BlackElo "2459"]
[PlyCount "93"]
[EventDate "2019.??.??"]
[SourceVersionDate "2019.01.02"]

1. e4 e6 2. d4 d5 3. Nc3 Bb4 4. e5 b6 5. a3 Bf8 6. Nh3 Qd7 7. Be3 Ne7 8. f4 h5
9. b4 Nf5 10. Bf2 Nc6 11. Ng5 g6 12. Bd3 Nce7 13. Qf3 Bb7 14. Ne2 c6 15. O-O
Bh6 16. Nh3 Qc8 17. Rfc1 Ba6 18. c4 dxc4 19. Bxc4 Bxc4 20. Rxc4 Qd7 21. Rac1
O-O 22. Kh1 a5 23. Be1 axb4 24. Bxb4 Rfc8 25. Nf2 Nd5 26. Ne4 Kg7 27. Nf6 Nxf6
28. exf6+ Kxf6 29. d5 c5 30. Bc3+ Ke7 31. dxe6 fxe6 32. Bb2 Qc6 33. Re4 Kf7 34.
Re1 Re8 35. Ng3 Nd6 36. f5 Nxe4 37. fxg6+ Ke7 38. Qf7+ Kd8 39. Nxe4 Rf8 40.
Bf6+ Kc8 41. Qh7 Ra4 42. Qxh6 Re8 43. Ng3 h4 44. Bxh4 e5 45. Qg5 Qe6 46. Nf5
Rf4 47. Qxf4 1-0

[Event "Bay Area International"]
[Site "?"]
[Date "2019.01.02"]
[Round "2"]
[White "Escalante Ramirez, Brian"]
[Black "Mishra, Abhimanyu"]
[Result "1-0"]
[WhiteElo "2446"]
[BlackElo "2120"]
[PlyCount "125"]
[EventDate "2019.??.??"]
[SourceVersionDate "2019.01.02"]

1. e4 c5 2. Nf3 e6 3. d4 cxd4 4. Nxd4 Nc6 5. Nc3 Qc7 6. g3 a6 7. Bg2 Nf6 8. O-O
h5 9. h3 Bc5 10. Nxc6 bxc6 11. Na4 Ba7 12. Bf4 e5 13. Bg5 d6 14. Qd3 Nh7 15.
Bd2 O-O 16. Rad1 Be6 17. Bb4 c5 18. Ba3 Qc6 19. Nc3 Rfd8 20. Nd5 Bxd5 21. Qxd5
Qxd5 22. Rxd5 Nf6 23. Rd2 Kf8 24. Re1 Ke7 25. Bf1 a5 26. h4 Rab8 27. c3 Rd7 28.
Bc4 Rdd8 29. Kg2 Rd7 30. f4 Ng4 31. Kf3 Rdd8 32. b3 Rd7 33. Red1 Rdd8 34. Bf1
g6 35. Bc1 Bb6 36. Bh3 Nf6 37. c4 Bc7 38. Rd3 Ra8 39. Be3 Bb6 40. a3 Rab8 41.
R1d2 Ra8 42. b4 axb4 43. axb4 exf4 44. gxf4 Ne8 45. e5 f5 46. exd6+ Nxd6 47.
bxc5 Nxc4 48. cxb6 Nxd2+ 49. Rxd2 Rxd2 50. Bxd2 Kd7 51. Bg2 Ra3+ 52. Be3 Kc8
53. Kf2 Ra2+ 54. Kg1 Ra1+ 55. Kh2 Ra2 56. Bd4 Rc2 57. b7+ Kb8 58. Be5+ Rc7 59.
Kh3 g5 60. hxg5 h4 61. Kxh4 Ka7 62. Bxc7 Ka6 63. b8=R 1-0

[Event "Bay Area International"]
[Site "?"]
[Date "2019.01.02"]
[Round "2"]
[White "Eswaran, Ashritha"]
[Black "SantAnna, Paulo"]
[Result "1-0"]
[WhiteElo "2227"]
[BlackElo "1871"]
[PlyCount "63"]
[EventDate "2019.??.??"]
[SourceVersionDate "2019.01.02"]

1. e4 c5 2. Nf3 g6 3. c3 Bg7 4. d4 cxd4 5. cxd4 d5 6. e5 Bg4 7. Bb5+ Nd7 8.
Nbd2 a6 9. Bd3 e6 10. h3 Bxf3 11. Nxf3 Qb6 12. O-O Ne7 13. Be3 Nc6 14. Ng5 O-O
15. Qg4 Nb4 16. Bb1 Rac8 17. Qh4 h6 18. Nf3 Qd8 19. Qg3 Nc2 20. Bxc2 Rxc2 21.
Rab1 Nb6 22. Ne1 Rc6 23. b3 Qe7 24. Nd3 Rc2 25. a4 Nd7 26. h4 Rc3 27. Bd2 Rfc8
28. Bxc3 Rxc3 29. Rfc1 Rxc1+ 30. Rxc1 Qa3 31. Rc7 Nf8 32. Qf4 1-0

[Event "Bay Area International"]
[Site "?"]
[Date "2019.01.02"]
[Round "2"]
[White "Free, Graham"]
[Black "Betaneli, Alex"]
[Result "1-0"]
[WhiteElo "2015"]
[BlackElo "2254"]
[PlyCount "61"]
[EventDate "2019.??.??"]
[SourceVersionDate "2019.01.02"]

1. d4 d5 2. Bf4 Nf6 3. e3 e6 4. Nd2 c5 5. c3 Nc6 6. Ngf3 Be7 7. Ne5 Nxe5 8.
dxe5 Nd7 9. h4 f6 10. Nf3 fxe5 11. Nxe5 Nxe5 12. Bxe5 O-O 13. Bd3 Qe8 14. h5 c4
15. Bxh7+ Kxh7 16. Qc2+ Rf5 17. g4 Bf6 18. Bxf6 gxf6 19. gxf5 e5 20. O-O-O Bd7
21. Qd2 Bc6 22. Rhg1 Qc8 23. e4 Qf8 24. exd5 Rd8 25. Qe3 Rxd5 26. Rxd5 Bxd5 27.
Rg6 Bc6 28. h6 Qd8 29. Rg7+ Kh8 30. Qg3 Ba4 31. Rh7+ 1-0

[Event "Bay Area International"]
[Site "?"]
[Date "2019.01.02"]
[Round "2"]
[White "Ghazarian, Kirk"]
[Black "Marek, Matyas"]
[Result "1/2-1/2"]
[WhiteElo "2226"]
[BlackElo "2358"]
[PlyCount "54"]
[EventDate "2019.??.??"]
[SourceVersionDate "2019.01.02"]

1. d4 Nf6 2. c4 e6 3. Nf3 Bb4+ 4. Bd2 c5 5. Bxb4 cxb4 6. g3 O-O 7. Bg2 d6 8.
O-O Nc6 9. a3 Qb6 10. axb4 Qxb4 11. Qc2 e5 12. Ra4 Qb6 13. c5 Qc7 14. cxd6 Qxd6
15. dxe5 Nxe5 16. Nc3 Bd7 17. Rh4 Nxf3+ 18. Bxf3 Bc6 19. Rd1 Qe6 20. Ne4 Nxe4
21. Bxe4 Bxe4 22. Qxe4 Qxe4 23. Rxe4 Rfe8 24. Rxe8+ Rxe8 25. Rd7 Kf8 26. Rxb7
Rxe2 27. Rxa7 Rxb2 1/2-1/2

[Event "Bay Area International"]
[Site "?"]
[Date "2019.01.02"]
[Round "2"]
[White "Harmon-Vellotti, Luke"]
[Black "Johnston, Daniel"]
[Result "1-0"]
[WhiteElo "2455"]
[BlackElo "1979"]
[PlyCount "71"]
[EventDate "2019.??.??"]
[SourceVersionDate "2019.01.02"]

1. e4 c5 2. Nf3 g6 3. d4 cxd4 4. Nxd4 Nc6 5. Nc3 Bg7 6. Be3 Nf6 7. Be2 O-O 8.
Nb3 d6 9. O-O a6 10. a4 Na5 11. f4 Be6 12. e5 Ne8 13. Nd4 Bc4 14. b3 dxe5 15.
fxe5 Bxe2 16. Qxe2 Qc7 17. Nd5 Qxe5 18. c4 e6 19. Nf3 Qe4 20. Ng5 Qe5 21. Ne7+
Kh8 22. Rad1 Nf6 23. Qf3 Rae8 24. Qh3 Rxe7 25. Rxf6 h6 26. Rf2 Qc3 27. Bc5 Qxh3
28. Nxh3 Rfe8 29. Bxe7 Rxe7 30. Rf3 e5 31. Rfd3 Bf6 32. Nf2 Kg7 33. Ne4 Bh4 34.
g3 Bf6 35. Rf1 Re6 36. Rdf3 1-0

[Event "Bay Area International"]
[Site "?"]
[Date "2019.01.02"]
[Round "2"]
[White "Hevia, Carlos"]
[Black "Harazinska, Ewa"]
[Result "1-0"]
[WhiteElo "2476"]
[BlackElo "2222"]
[PlyCount "81"]
[EventDate "2019.??.??"]
[SourceVersionDate "2019.01.02"]

1. d4 Nf6 2. Nf3 e6 3. e3 d5 4. Bd3 Bd6 5. O-O O-O 6. c4 c6 7. Nc3 Nbd7 8. Qc2
h6 9. Rd1 Qe7 10. c5 Bc7 11. e4 dxe4 12. Nxe4 Nd5 13. Bd2 Rd8 14. Re1 Qf8 15.
Ng3 Nf4 16. Bf1 Nf6 17. Rad1 Ng6 18. a3 Rb8 19. Qa4 Ra8 20. Ba5 Bxa5 21. Qxa5
Rd5 22. Qc3 Rd8 23. Bd3 Nf4 24. Bb1 g6 25. Ne5 Qg7 26. Ne4 N4d5 27. Qb3 Ne8 28.
h4 Ndc7 29. a4 Nd5 30. Rd3 Ne7 31. Ng3 h5 32. Nxh5 Qh6 33. Ng3 Qxh4 34. Rf3 Nf6
35. Ne4 Ned5 36. Rh3 Qf4 37. Rf3 Qh4 38. Rh3 Qf4 39. Nxf6+ Nxf6 40. Bxg6 fxg6
41. Rh8+ 1-0

[Event "Bay Area International"]
[Site "?"]
[Date "2019.01.02"]
[Round "2"]
[White "Hong, Andrew"]
[Black "Stukopin, Andrey"]
[Result "0-1"]
[WhiteElo "2390"]
[BlackElo "2565"]
[PlyCount "138"]
[EventDate "2019.??.??"]
[SourceVersionDate "2019.01.02"]

1. e4 c5 2. Nf3 Nc6 3. d4 cxd4 4. Nxd4 Nf6 5. Nc3 d6 6. Bg5 e6 7. Qd2 a6 8.
O-O-O Be7 9. f4 Bd7 10. Nf3 b5 11. Bxf6 gxf6 12. f5 Qc7 13. g3 O-O-O 14. fxe6
fxe6 15. Bh3 Kb8 16. Ne2 Ne5 17. Nfd4 Nc4 18. Qd3 e5 19. Bxd7 Rxd7 20. Nf5 Rc8
21. Kb1 Qc5 22. Rhf1 Bf8 23. Rf3 d5 24. exd5 Re8 25. Qb3 e4 26. Rf4 Rxd5 27.
Nfd4 f5 28. g4 Bh6 29. Rxf5 Rxf5 30. gxf5 Nd2+ 31. Rxd2 Bxd2 32. Qf7 Rc8 33.
Qe6 Be3 34. Qxe4 Bxd4 35. Nxd4 Qd6 36. c3 Qxh2 37. Nc6+ Kc7 38. Ne7 Qd6 39. a3
Rd8 40. Ka2 Qc5 41. Kb1 Qc4 42. Qh1 a5 43. f6 Rd6 44. Qh5 Kd7 45. Qf5+ Ke8 46.
Qh5+ Kd8 47. Nf5 Rxf6 48. Nd4 Qd3+ 49. Ka2 Ke7 50. Qc5+ Kf7 51. Qd5+ Kg6 52.
Qg2+ Kh6 53. Qh1+ Kg7 54. Qb7+ Rf7 55. Qg2+ Qg6 56. Qd5 b4 57. Ne6+ Kf6 58. Qd6
Kf5 59. Qd5+ Kf6 60. Qd6 b3+ 61. Kxb3 Rb7+ 62. Kc4 Qf7 63. Kc5 Qxe6 64. Qf8+
Kg6 65. Qf3 Qb6+ 66. Kd5 Qb5+ 67. Kd6 Rb6+ 68. Kc7 Qc5+ 69. Kd7 Qd6+ 0-1

[Event "Bay Area International"]
[Site "?"]
[Date "2019.01.02"]
[Round "2"]
[White "Jacobson, Aaron"]
[Black "Kondakov, Adrian"]
[Result "1-0"]
[WhiteElo "2286"]
[BlackElo "2018"]
[PlyCount "97"]
[EventDate "2019.??.??"]
[SourceVersionDate "2019.01.02"]

1. e4 e5 2. Nf3 Nc6 3. Bb5 a6 4. Ba4 Nf6 5. O-O Be7 6. Qe2 b5 7. Bb3 d6 8. c3
O-O 9. Rd1 Na5 10. Bc2 c5 11. d4 Qc7 12. d5 Nc4 13. a4 Bd7 14. Bd3 Na5 15. Bc2
c4 16. Nbd2 Rfb8 17. Nf1 Bf8 18. h3 g6 19. N3h2 Bg7 20. Ng4 Bxg4 21. hxg4 Nd7
22. g5 Nc5 23. Be3 Nab3 24. Bxb3 Nxb3 25. Ra2 Nc5 26. Bxc5 Qxc5 27. Rda1 b4 28.
Ne3 Rc8 29. a5 Rab8 30. Ra4 h6 31. Qg4 hxg5 32. Qxg5 Qa7 33. Qg3 Rb7 34. Nc2
bxc3 35. bxc3 Rb2 36. Nb4 Bh6 37. R4a2 Rb3 38. Qh3 Rc7 39. Qxh6 Rxc3 40. Nc6
Qc5 41. Qg5 Kg7 42. Rc1 Rd3 43. Rac2 c3 44. Qg4 Rb7 45. Qe2 Qb5 46. Qe1 f5 47.
Rxc3 fxe4 48. Qxe4 Rxd5 49. Rg3 1-0

[Event "Bay Area International"]
[Site "?"]
[Date "2019.01.02"]
[Round "2"]
[White "Jones, Craig"]
[Black "Abrahamyan, Tatev"]
[Result "1/2-1/2"]
[WhiteElo "2138"]
[BlackElo "2377"]
[PlyCount "93"]
[EventDate "2019.??.??"]
[SourceVersionDate "2019.01.02"]

1. e4 e6 2. d4 d5 3. exd5 exd5 4. Nf3 Nc6 5. Bd3 Bg4 6. c3 Bd6 7. O-O Nge7 8.
b3 Qd7 9. Na3 O-O-O 10. Nb5 Kb8 11. b4 f6 12. a4 g5 13. Nxd6 cxd6 14. a5 Ng6
15. Be2 Rde8 16. Re1 h5 17. Be3 Nce7 18. Nd2 Bxe2 19. Qxe2 Nf5 20. Qd3 h4 21.
Re2 g4 22. Rae1 g3 23. Nf1 gxh2+ 24. Kh1 Reg8 25. Bd2 Rg7 26. Re6 Nge7 27. Bf4
Rhg8 28. g3 hxg3 29. Nxg3 Nxg3+ 30. Bxg3 Nc8 31. a6 b6 32. Qf3 Qb5 33. Qe2 Qc6
34. Qf3 Rc7 35. Rxf6 Qc4 36. Rf7 Qxc3 37. Qxc3 Rxc3 38. Kxh2 Rc4 39. b5 Rxd4
40. Rb7+ Ka8 41. Rc1 Rc4 42. Rxc4 dxc4 43. Rc7 Kb8 44. Rxc4 Rg5 45. Rb4 Kc7 46.
Kh3 Ne7 47. Kh4 1/2-1/2

[Event "Bay Area International"]
[Site "?"]
[Date "2019.01.02"]
[Round "2"]
[White "Katz, Alexander"]
[Black "Xiong, Jeffery"]
[Result "0-1"]
[WhiteElo "2433"]
[BlackElo "2672"]
[PlyCount "74"]
[EventDate "2019.??.??"]
[SourceVersionDate "2019.01.03"]

1. e4 e5 2. Nf3 Nc6 3. Bc4 Bc5 4. c3 Nf6 5. d3 d6 6. Bb3 h6 7. O-O O-O 8. Nbd2
a5 9. Re1 Be6 10. Nf1 Bxb3 11. Qxb3 a4 12. Qc4 Re8 13. Be3 Qd7 14. a3 Na5 15.
Qa2 Rad8 16. Rad1 Qb5 17. Bxc5 dxc5 18. d4 exd4 19. e5 Nd5 20. cxd4 Nf4 21.
dxc5 Nb3 22. Qb1 Nxc5 23. Rxd8 Rxd8 24. Qc2 Ncd3 25. Re4 c5 26. Ne3 Qc6 27.
Rxa4 Nxg2 28. Nxg2 Qxf3 29. Qd2 Rd5 30. Ne3 Rd7 31. Qc2 b5 32. Rg4 Nf4 33. Rxf4
Qxf4 34. Qxc5 Rd2 35. Nf1 Rxb2 36. Kg2 Qe4+ 37. Kg3 Qc4 0-1

[Event "Bay Area International"]
[Site "?"]
[Date "2019.01.02"]
[Round "2"]
[White "Kiewra, Keaton"]
[Black "Hilby, Craig"]
[Result "0-1"]
[WhiteElo "2362"]
[BlackElo "2445"]
[PlyCount "72"]
[EventDate "2019.??.??"]
[SourceVersionDate "2019.01.03"]

1. e4 e5 2. Nf3 Nc6 3. Bc4 Bc5 4. c3 Nf6 5. b4 Bb6 6. d3 d6 7. a4 a5 8. b5 Ne7
9. Nbd2 O-O 10. O-O Ng6 11. Ba2 c6 12. Nc4 Bc7 13. Re1 Re8 14. Bg5 h6 15. b6
Bb8 16. Be3 d5 17. Ncd2 Bd6 18. Qc2 Be6 19. Nf1 Ng4 20. Rab1 Ra6 21. exd5 cxd5
22. Rb5 Nf6 23. c4 Bb4 24. Bd2 dxc4 25. Bxc4 Bxc4 26. Qxc4 Bxd2 27. N1xd2 Rxb6
28. Rxa5 Rc6 29. Qb5 Rd6 30. Ne4 Rxd3 31. Nxf6+ gxf6 32. Ra7 e4 33. Rxb7 Rd5
34. Qe2 Nf4 35. Qe3 Nxg2 36. Qa7 exf3 0-1

[Event "Bay Area International"]
[Site "?"]
[Date "2019.01.02"]
[Round "2"]
[White "Kumar, Nikhil"]
[Black "Mackenzie, Dana"]
[Result "1/2-1/2"]
[WhiteElo "2281"]
[BlackElo "2012"]
[PlyCount "90"]
[EventDate "2019.??.??"]
[SourceVersionDate "2019.01.03"]

1. d4 Nf6 2. c4 d5 3. cxd5 Nxd5 4. Nf3 Bf5 5. Nbd2 Nb6 6. e4 Bg6 7. h4 Bh5 8.
Nb3 N8d7 9. a4 e6 10. a5 Nc8 11. Bd3 a6 12. Qc2 Bxf3 13. gxf3 Bb4+ 14. Kf1 e5
15. f4 exd4 16. e5 Qe7 17. Nxd4 Qc5 18. e6 Qxd4 19. Be3 Qd5 20. exd7+ Qxd7 21.
Bxh7 Nd6 22. Bd3 Qc6 23. Qxc6+ bxc6 24. Ke2 Rh5 25. Rhg1 Rxa5 26. Rxa5 Bxa5 27.
Rxg7 Kd7 28. h5 Rh8 29. Rh7 Rxh7 30. Bxh7 Bb6 31. Bd3 Ke7 32. h6 Kf8 33. Bxa6
Nf5 34. Bxb6 cxb6 35. h7 Kg7 36. Bd3 Nd6 37. Ke3 c5 38. f5 f6 39. Kf4 Kxh7 40.
Kg4 Kh6 41. f3 b5 42. Kf4 Kh5 43. b3 Kh4 44. Bf1 Kh5 45. Bd3 Kh4 1/2-1/2

[Event "Bay Area International"]
[Site "?"]
[Date "2019.01.02"]
[Round "2"]
[White "Li, Eric"]
[Black "Chambers, Ezra"]
[Result "0-1"]
[WhiteElo "2007"]
[BlackElo "2360"]
[PlyCount "88"]
[EventDate "2019.??.??"]
[SourceVersionDate "2019.01.03"]

1. d4 d5 2. c4 c6 3. Nf3 Nf6 4. e3 Bf5 5. Nc3 e6 6. Nh4 Be4 7. f3 Bg6 8. Qb3
Qc7 9. Bd2 Be7 10. g3 O-O 11. Nxg6 hxg6 12. Rc1 Rd8 13. Be2 dxc4 14. Bxc4 a6
15. Ne2 b5 16. Bd3 c5 17. O-O Nc6 18. Bb1 Rac8 19. a4 c4 20. Qc2 Na5 21. axb5
axb5 22. Rce1 Nb3 23. Ba2 Nxd2 24. Qxd2 e5 25. Qc2 Nd5 26. Qe4 f5 27. Qb1 Nxe3
28. Rf2 exd4 29. Nxd4 Rxd4 30. Rxe3 Bc5 31. b3 Rcd8 32. Kg2 Rd1 33. Re8+ Rxe8
34. Qxd1 Bxf2 35. Kxf2 Qa7+ 36. Kf1 Qxa2 37. Qd5+ Kh7 38. Qxb5 Qe2+ 39. Kg1
Qe1+ 40. Kg2 Re2+ 41. Kh3 Qf1+ 42. Kh4 Rxh2+ 43. Kg5 Qc1+ 44. f4 Rh5# 0-1

[Event "Bay Area International"]
[Site "?"]
[Date "2019.01.02"]
[Round "2"]
[White "Li, Zhaozhi"]
[Black "Dragun, Kamil"]
[Result "1/2-1/2"]
[WhiteElo "2395"]
[BlackElo "2578"]
[PlyCount "142"]
[EventDate "2019.??.??"]
[SourceVersionDate "2019.01.03"]

1. d4 Nf6 2. c4 e6 3. Nf3 b6 4. g3 Bb7 5. Bg2 Be7 6. O-O O-O 7. Re1 a5 8. a3
Na6 9. Nc3 Ne4 10. Qc2 Nxc3 11. bxc3 f5 12. Nd2 Bxg2 13. Kxg2 Qc8 14. e4 Qb7
15. Nf3 fxe4 16. Qxe4 Qxe4 17. Rxe4 a4 18. Bf4 Bf6 19. Ne5 Bxe5 20. Bxe5 Rae8
21. Rb1 Rf7 22. Rb5 d6 23. Bf4 Kf8 24. g4 Ke7 25. Bg3 Kd7 26. h4 Rfe7 27. Re1
Rf7 28. Re3 Ref8 29. Rh5 Rh8 30. Rb5 Rhf8 31. f4 Rb8 32. Rh5 h6 33. Kh3 c6 34.
d5 Nc7 35. dxe6+ Nxe6 36. f5 Nc5 37. g5 Rxf5 38. Kg4 Rf7 39. gxh6 gxh6 40. Rxh6
Rg8+ 41. Kh3 Nb7 42. h5 Rg5 43. Kh4 Rfg7 44. Rd3 Kc7 45. Rf3 Na5 46. Bxd6+ Kb7
47. Rf7+ Rxf7 48. Kxg5 Nxc4 49. Rf6 Rd7 50. Bf8 c5 51. h6 Nxa3 52. Rg6 Ka6 53.
Bg7 Nc4 54. Kf6 a3 55. h7 Rd8 56. Kf7 Kb5 57. Rg1 Ra8 58. Bf8 Ne5+ 59. Kg8 Nd7
60. Rf1 a2 61. h8=Q a1=Q 62. c4+ Kxc4 63. Qxa1 Rxa1 64. Rxa1 Nxf8 65. Kxf8 b5
66. Ke7 b4 67. Kd6 b3 68. Rc1+ Kd3 69. Kxc5 b2 70. Rh1 Kc2 71. Kc4 b1=Q 1/2-1/2

[Event "Bay Area International"]
[Site "?"]
[Date "2019.01.02"]
[Round "2"]
[White "Liem, Le Quang"]
[Black "Boros, Denes"]
[Result "1/2-1/2"]
[WhiteElo "2714"]
[BlackElo "2442"]
[PlyCount "85"]
[EventDate "2019.??.??"]
[SourceVersionDate "2019.01.03"]

1. c4 c5 2. Nf3 Nf6 3. Nc3 e6 4. g3 Nc6 5. Bg2 d5 6. cxd5 exd5 7. d4 Be7 8. O-O
O-O 9. dxc5 Bxc5 10. Na4 Be7 11. Be3 Re8 12. Rc1 Ne4 13. Nd4 Bd7 14. Nc3 Bf6
15. Nxd5 Bxd4 16. Bxd4 Be6 17. Bxe4 Bxd5 18. Bb6 Qxb6 19. Bxd5 Rad8 20. e4 Nb4
21. Qf3 Nxd5 22. exd5 Qxb2 23. Rc7 Rf8 24. Rd1 Rd6 25. Qf4 Qb6 26. Re7 g6 27.
Qe5 Rf6 28. Rd2 Rf5 29. Qe2 Qd6 30. Qe4 Rb8 31. Re8+ Rxe8 32. Qxe8+ Kg7 33. Qb5
Qe5 34. Qd3 Rf3 35. Qxf3 Qe1+ 36. Kg2 Qxd2 37. Qe4 Kf6 38. a4 a5 39. Qh4+ g5
40. Qe4 h5 41. h4 g4 42. d6 Qxd6 43. Qxb7 1/2-1/2

[Event "Bay Area International"]
[Site "?"]
[Date "2019.01.02"]
[Round "2"]
[White "Macieja, Bartlomiej"]
[Black "Zhu, Jack"]
[Result "1/2-1/2"]
[WhiteElo "2509"]
[BlackElo "2364"]
[PlyCount "199"]
[EventDate "2019.01.03"]

1. e4 c5 2. Nf3 d6 3. d4 cxd4 4. Qxd4 Nc6 5. Bb5 Bd7 6. Qd3 g6 7. c4 Bg7 8. O-O
Nf6 9. Nc3 a6 10. Bxc6 Bxc6 11. Nd4 O-O 12. Bg5 Re8 13. Rac1 Rc8 14. b3 Qa5 15.
Bd2 Qe5 16. Nxc6 bxc6 17. f4 Qh5 18. Na4 e5 19. Nc3 Rcd8 20. Rce1 exf4 21. Bxf4
Nd7 22. Na4 Ne5 23. Qd2 Re6 24. h3 Rde8 25. Re3 g5 26. Bh2 Qg6 27. Nc3 Nd7 28.
Rd1 Nc5 29. e5 dxe5 30. b4 Nb7 31. c5 e4 32. g4 Rd8 33. Qxd8+ Nxd8 34. Rxd8+
Bf8 35. Bd6 Qf6 36. Rxf8+ Kg7 37. Ne2 Rxd6 38. Rxf7+ Kxf7 39. cxd6 Qxd6 40. a3
h5 41. gxh5 a5 42. bxa5 Qc5 43. Kf2 Qxa5 44. Nc3 Qxa3 45. Nxe4 Qb2+ 46. Kf3 Qe5
47. Ke2 c5 48. Nc3 Qh2+ 49. Kd3 Qf4 50. Ne2 Qh4 51. Nc3 Qd4+ 52. Ke2 Kg7 53.
Ne4 Qe5 54. Ng3 Qd5 55. Ne4 Kh6 56. Nc3 Qc4+ 57. Ke1 Kxh5 58. Ne2 Kg6 59. Kd2
Qh4 60. Rc3 Qf2 61. Rg3 Kh5 62. Rc3 Kh4 63. Re3 Qf5 64. Rc3 Qe5 65. Kd1 Qd5+
66. Kc2 Kh5 67. Rg3 Qa2+ 68. Kd1 Kg6 69. Rc3 Qd5+ 70. Kc2 Kf7 71. Re3 Qa2+ 72.
Kc1 Qa1+ 73. Kd2 Qb2+ 74. Kd1 Kf6 75. Nc3 Kf5 76. Ne2 Qb1+ 77. Kd2 Qa1 78. Ng3+
Kg6 79. Ne2 Kf6 80. Rg3 Qb2+ 81. Kd1 c4 82. Re3 Kf5 83. Ke1 Kg6 84. Kd1 Kh5 85.
Rg3 Qe5 86. Kd2 Qd5+ 87. Kc2 Kh6 88. Kc1 Kg7 89. Kc2 Kf7 90. Re3 Qa5 91. Kd1
Kf6 92. Rg3 Ke6 93. Re3+ Kd6 94. Rg3 Kc6 95. Re3 Qa1+ 96. Kd2 Qb2+ 97. Kd1 Kc5
98. Rg3 Qe5 99. Kd2 Kb4 100. Kd1 1/2-1/2